000 00636nam a22001935i 4500
001 99031
003 ES-MaACL
005 20230906182426.0
007 t|
008 950921s1898 sp ||||1| spa d
040 _aCAM
_bspa
_cCAM
100 1 _aEncina Candebat, Luis.
_947175
245 1 0 _aLaringitis diftérica y su tratamiento
_b: tesis doctoral /
_cLuis Encina Candebat.
260 _aMálaga :
_b[s.n.],
_c1898 (
_fM. Jimena)
300 _a25 p. ;
_c22 cm.
650 4 _aDifteria.
_9135926
650 4 _aLaringe-
_xEnfermedades.
_9157105
852 _aES-MaACL
_jT-858-F-2
_z.- Enc. en un vol. facticio conservando la enc. original
999 _c99031
_d99031